| 000 | 00903nam a2200265Ia 4500 | ||
|---|---|---|---|
| 003 | OSt | ||
| 005 | 20220928125141.0 | ||
| 006 | a|||||r|||| 00| 0 | ||
| 007 | ta | ||
| 008 | 220927b |||||||| |||| 00| 0 eng d | ||
| 020 | _cUKP 19.99 | ||
| 024 | _a141358 | ||
| 037 |
_b010, 06/12/2019, Classic Book Service _cTextual |
||
| 040 |
_aSDCL _cSDCL _beng |
||
| 041 |
_2eng _aeng |
||
| 082 | _aR873, Q9 | ||
| 100 |
_aMcClendon III John H. _9468261 |
||
| 245 | 0 |
_aAfrican american philosophers and philosophy _b An introduction to the history, concepts, and contemporary issues |
|
| 260 |
_aNew Delhi _bBloomsbury Academic _c2019 |
||
| 300 |
_axvii,280p. _ccm. |
||
| 650 | _aPhilosophy | ||
| 700 |
_a Ferguson II Stephen C. _9468262 |
||
| 942 |
_hR873, Q9 _cTEXL _2CC |
||
| 999 |
_c781118 _d781118 |
||